| 000 | 00859nas a2200277 4500 | ||
|---|---|---|---|
| 001 | BR2015002883 | ||
| 003 | BR-BrBNA | ||
| 005 | 20231205125333.0 | ||
| 007 | ta | ||
| 008 | 230509b bl.|||p| |||| 00| 00por d | ||
| 040 |
_aBR-BrBNA _bpor _cBiblioteca Nacional de Agricultura |
||
| 041 | _a(En) | ||
| 072 | _aF50 | ||
| 100 | 1 | _aSilva, P.S.L. e | |
| 100 | 1 | _aSantos, L.E.B. dos | |
| 100 | 1 | _aOliveira, V.R. de | |
| 100 | 1 | _aSousa, R.P. de | |
| 100 | 1 | _aFernandes, P.L. de O. | |
| 245 | 1 | _aSample size and sampling method for evaluation of characterístics of the sunflower | |
| 650 | _aGIRASSOL | ||
| 650 | _aMORFOLOGIA VEGETAL | ||
| 650 | _aAMOSTRAGEM | ||
| 773 | 0 |
_tRevista Ciência Agronômica (Brazil) _xISSN 0045-6888 _g(Jan-Mar 2015), v. 46(1) p. 144-154 _wBR2015002883 |
|
| 909 |
_a202311 _bLúcia _c55 _dLúcia Elande |
||
| 942 |
_2AGRIS _n0 _cANA |
||
| 999 |
_c243856 _d243856 |
||